| Tag |
First Indicator |
Second Indicator |
Subfields |
| LEADER |
00000nam a2200000Mi 4500 |
| 001 |
in00005649913 |
| 003 |
OCoLC |
| 005 |
20250628150305.6 |
| 006 |
m o d |
| 007 |
cr |n||||||||| |
| 008 |
250623t20252025njua ob 001 0 eng d |
| 024 |
8 |
|
|a 90102058937
|
| 040 |
|
|
|a YDX
|b eng
|e rda
|e pn
|c YDX
|
| 020 |
|
|
|a 9781394265473
|q (electronic bk.)
|
| 020 |
|
|
|a 1394265476
|q (electronic bk.)
|
| 020 |
|
|
|z 9781394265459
|
| 020 |
|
|
|z 139426545X
|
| 035 |
|
|
|a (OCoLC)1517425130
|
| 050 |
|
4 |
|a HG4529
|b .P34 2025
|
| 082 |
0 |
4 |
|a 332.632042
|2 23
|
| 100 |
1 |
|
|a Paleologo, Giuseppe A.,
|e author.
|1 https://id.oclc.org/worldcat/entity/E39PCjGyJvrWgfV6xM9yRG3dBd.
|
| 245 |
1 |
4 |
|a The elements of quantitative investing /
|c Giuseppe A. Paleologo.
|
| 264 |
|
1 |
|a Hoboken, New Jersey :
|b Wiley,
|c [2025]
|
| 264 |
|
4 |
|c ©2025
|
| 300 |
|
|
|a 1 online resource ( xxiv, 376 pages) :
|b black and white illustrations.
|
| 336 |
|
|
|a text
|b txt
|2 rdacontent
|
| 337 |
|
|
|a computer
|2 rdamedia
|b c
|
| 338 |
|
|
|a online resource
|2 rdacarrier
|b cr
|
| 341 |
0 |
|
|a textual
|2 sapdv
|3 EBSCOhost
|
| 490 |
1 |
|
|a Wiley finance
|
| 504 |
|
|
|a Includes bibliographical references (pages 359-372) and index.
|
| 532 |
|
0 |
|3 EBSCOhost
|a "EBSCO evaluates our products based on the Web Content Accessibility Guidelines (WCAG) and the related Section 508 and EN 301 549 regulations in the US and EU. Most EBSCO products are substantially conformant with WCAG 2.2 level AA." Source: https://connect.ebsco.com/s/article/EBSCO-VPATs?language=en_US. Last accessed April 22, 2025.
|
| 588 |
|
|
|a Description based on print version record.
|
| 650 |
|
0 |
|a Investment analysis
|x Mathematics.
|
| 650 |
|
0 |
|a Portfolio management.
|
| 650 |
|
0 |
|a Investments.
|
| 650 |
|
6 |
|a Analyse financière
|x Mathématiques.
|
| 650 |
|
6 |
|a Gestion de portefeuille.
|
| 650 |
|
6 |
|a Investissements.
|
| 655 |
|
7 |
|a Electronic books.
|2 local
|
| 710 |
2 |
|
|a EBSCOhost
|
| 776 |
1 |
8 |
|c Original
|z 9781394265459
|z 139426545X
|w (OCoLC)1413944128
|
| 830 |
|
0 |
|a Wiley finance series.
|
| 856 |
4 |
0 |
|u http://proxy.library.tamu.edu/login?url=https://search.ebscohost.com/login.aspx?direct=true&scope=site&db=nlebk&db=nlabk&AN=4193114
|z Connect to the full text of this electronic book
|t 0
|
| 945 |
|
|
|b 444868
|
| 955 |
|
|
|a YBP purchased EBSCO DDA e-records
|
| 980 |
|
|
|b ebook
|c 90102058937
|f NONFIC/S
|g 565702
|k USD
|m 74.80
|q 1
|s AcqMono Conventional
|t Demand driven acquisitions (DDA)
|u Vendor order reference number
|v ZYBP
|y PDA
|z Electronic resource
|
| 999 |
f |
f |
|i 0da86614-0f57-4d67-9c97-f3d22f7f42a1
|s 54ba7ed5-40d2-43c5-b2fa-72b2c1bf9d8e
|t 0
|
| 952 |
f |
f |
|a Texas A&M University
|b College Station
|c Electronic Resources
|s www_evans
|d Available Online
|t 0
|e HG4529 .P34 2025
|h Library of Congress classification
|